| 000 | 00566nam a2200193Ia 4500 | ||
|---|---|---|---|
| 003 | OSt | ||
| 005 | 20200819095940.0 | ||
| 008 | 190216s9999||||xx |||||||||||||| ||und|| | ||
| 020 | _a9780470512340 | ||
| 040 | _coclc | ||
| 082 |
_a547.1226 _bSTE/S |
||
| 100 |
_aSteed, Jonathan W _94202 |
||
| 245 | 0 |
_aSupramolecular Chemistry / _cJonathan W Steed ; Jerry L Atwood |
|
| 250 | _a2nd Ed. | ||
| 260 |
_bWiley Publications, _c2009. _aUK: |
||
| 300 | _a970p | ||
| 650 | _aChemistry-Chemistry | ||
| 942 |
_cBK _2ddc _h547.1226 _iSTE/S _k547.1226 _mSTE/S |
||
| 999 |
_c3690 _d3690 |
||